Представление документа в формате MARC21

Поле Инд. ПП Название Значение
Тип записи a
Библиографический уровень m
001 Контрольный номер RU/IS/BASE/433586924
005 Дата корректировки 20140123223636.7
020 a ISBN 3-320-00651-7
040 a Служба первич. каталог. НБ ТвГУ
b Код языка каталог. rus
e Правила каталог. PSBO
041 0_ a Код языка текста ger
h Код языка оригинала ger
080 a Индекс УДК 94(430)"1939/1945"
084 a Индекс другой классификации/Индекс ББК Т3(4Гем)62
090 a Полочн. индекс Т3(4Гем)
x Авторский знак B 92
245 10 a Заглавие Buchenwald
b Продолж. заглавия ein Konzentrationslager
c Ответственность ein Bericht der ehemaligen KZ-Haeftlinge Emil Carlebach
250 a Основные сведения об издании 2., durchges. Aufl.
260 a Место издания Berlin
b Издательство Dietz
c Дата издания 1988
300 a Объем 190 S.,[87] Abb.
b Иллюстрации/ тип воспроизводства Ill.
653 a Ключевые слова 20 в.
a Ключевые слова Бухенвальд, концентрационный лагерь
a Ключевые слова Воспоминания
a Ключевые слова Вторая мировая война
a Ключевые слова Германия
a Ключевые слова Заключенные
a Ключевые слова История Германии
a Ключевые слова Концентрационные лагеря
a Ключевые слова Политзаключенные
a Ключевые слова Узники концлагерей
700 a Другие авторы Carlebach, Emil
e Роль лиц Aut.
901 t Тип документа m
920 a Оператор Суха
930 a Новая/Ретро иностр
a Новая/Ретро нем
954 a Дата поступления на обработку 20130927